| 000 | 005040000a22001570004500 | ||
|---|---|---|---|
| 005 | 20231109141715.0 | ||
| 008 | 230817t1994 ||||| |||| 00| 0 eng d | ||
| 082 |
_a305.42 _bWOM |
||
| 110 | _aWomen's Global Leadership Institute | ||
| 245 |
_aThe Indivisibility of Women's Human Rights: _bA Continuing Dialogue |
||
| 260 |
_aNew Jersy: _bCenter for women's global leadership, _c1994 |
||
| 300 | _avi, 116 p. : ill. ; 26 cm. | ||
| 650 | _aWOMEN'S RIGHTS | ||
| 700 |
_a Fried, Susana T. _eed. |
||
| 942 | _cRP | ||
| 999 |
_c3149 _d3149 |
||